Statistics for F1 Winners: German Grand Prix

Click here to take the quiz!

General Stats

  • This quiz has been taken 461 times
    (439 since last reset)
  • The average score is 51 of 64

Answer Stats

SeasonTrackDriver% Correct
2011Nürburgring GP-StreckeLewis Hamilton
100%
2018HockenheimringLewis Hamilton
100%
2016HockenheimringLewis Hamilton
100%
2008HockenheimringLewis Hamilton
100%
2002HockenheimringMichael Schumacher
99%
2004HockenheimringMichael Schumacher
99%
1995HockenheimringMichael Schumacher
99%
2006HockenheimringMichael Schumacher
99%
2001HockenheimringRalf Schumacher
99%
2013Nürburgring GP-StreckeSebastian Vettel
98%
1990HockenheimringAyrton Senna
96%
1989HockenheimringAyrton Senna
96%
1988HockenheimringAyrton Senna
96%
2014HockenheimringNico Rosberg
96%
1993HockenheimringAlain Prost
95%
1984HockenheimringAlain Prost
95%
2012HockenheimringFernando Alonso
95%
2010HockenheimringFernando Alonso
95%
2005HockenheimringFernando Alonso
95%
2019HockenheimringMax Verstappen
95%
1996HockenheimringDamon Hill
92%
1962Nürburgring NordschleifeGraham Hill
92%
1998HockenheimringMika Häkkinen
91%
1977HockenheimringNiki Lauda
91%
1957Nürburgring NordschleifeJuan Manuel Fangio
90%
1956Nürburgring NordschleifeJuan Manuel Fangio
90%
1954Nürburgring NordschleifeJuan Manuel Fangio
90%
1992HockenheimringNigel Mansell
89%
1991HockenheimringNigel Mansell
89%
2009Nürburgring GP-StreckeMark Webber
85%
1986HockenheimringNelson Piquet
85%
1981HockenheimringNelson Piquet
85%
1987HockenheimringNelson Piquet
85%
1951Nürburgring NordschleifeAlberto Ascari
84%
1952Nürburgring NordschleifeAlberto Ascari
84%
1973Nürburgring NordschleifeJackie Stewart
84%
1968Nürburgring NordschleifeJackie Stewart
84%
1971Nürburgring NordschleifeJackie Stewart
84%
1976Nürburgring NordschleifeJames Hunt
80%
1965Nürburgring NordschleifeJim Clark
79%
1953Nürburgring NordschleifeGiuseppe Farina
77%
2000HockenheimringRubens Barrichello
77%
2003HockenheimringJuan Pablo Montoya
73%
1979HockenheimringAlan Jones
72%
1966Nürburgring NordschleifeJack Brabham
71%
1999HockenheimringEddie Irvine
69%
1970HockenheimringJochen Rindt
68%
1978HockenheimringMario Andretti
68%
1961Nürburgring NordschleifeStirling Moss
65%
1967Nürburgring NordschleifeDenny Hulme
63%
1964Nürburgring NordschleifeJohn Surtees
63%
1963Nürburgring NordschleifeJohn Surtees
63%
1997HockenheimringGerhard Berger
62%
1994HockenheimringGerhard Berger
62%
1975Nürburgring NordschleifeCarlos Reutemann
49%
1969Nürburgring NordschleifeJacky Ickx
48%
1972Nürburgring NordschleifeJacky Ickx
48%
1983HockenheimringRené Arnoux
48%
1974Nürburgring NordschleifeClay Regazzoni
46%
1985Nürburgring GP-StreckeMichele Alboreto
41%
1959AVUSTony Brooks
41%
1958Nürburgring NordschleifeTony Brooks
41%
1980HockenheimringJacques Laffite
37%
1982HockenheimringPatrick Tambay
27%

Score Distribution

Percentile by Number Answered

Percent of People with Each Score

Your Score History

You have not taken this quiz since the last reset